000 00431 a2200133 4500
005 20250619071704.0
020 _a978-9987-14-021-3
082 _a658.404 RWE
100 _aRWECHUNGURA, F. A.
245 _aBasic of Project Planning and Analysis: Project Identification, Formulation and Appraisal.
260 _aMorogoro,
_bMzumbe University,
_c2010.
300 _axv, 162p.: ill.; figure, table
_bBibliography
_c20cm
942 _2ddc
_cBKS
999 _c4353
_d4353